000 00265nam a2200097Ia 4500
008 241105s9999 xx 000 0 und d
041 _aeng
100 _aDhakkan Priyanka
_9182690
245 _aKindergarten And Day Care Centre
260 _bFourth Year CAID, Pune
_c2014
999 _c360981
_d360981